[Event "CZE-chT2b 0607"]
[Site "Czech Republic"]
[Date "2006.12.03"]
[Round "4"]
[White "Rodl, Martin"]
[Black "Kratochvil, Jakub"]
[Result "1-0"]
[WhiteElo "2001"]
[BlackElo "2073"]
[PlyCount "79"]
[EventDate "2006.10.15"]
[EventType "team"]
[EventRounds "11"]
[EventCountry "CZE"]
[SourceTitle "EXT 2009"]
[Source "ChessBase"]
[SourceDate "2008.11.26"]
[SourceVersion "1"]
[SourceVersionDate "2008.11.26"]
[SourceQuality "1"]

1. e4 e5 2. Nf3 Nc6 3. Bb5 a6 4. Ba4 Nf6 5. 0-0 Be7 6. Re1 b5 7. Bb3 d6 8. h3 0-0 9. c3 Bb7 10. d3 h6 11. Nbd2 Na5 12. Bc2 c5 13. Nf1 Qc7 14. Ng3 Rfe8 15. Nf5 Bf8 16. Nh2 Bc8 17. Ng4 Nxg4 18. Qxg4 Kh7 19. Qf3 Nc6 20. g4 Ne7 21. Kh1 Ng8 22. g5 g6 23. Ne3 Be6 24. Nd5 Qd8 25. Rg1 h5 26. Be3 Bg7 27. Rad1 Rc8 28. Bb1 Bxd5 29. exd5 Qe7 30. Rde1 c4 31. dxc4 e4 32. Qg3 Rxc4 33. Bf4 Be5 34. Re3 b4 35. Rge1 bxc3 36. bxc3 Qc7 37. Bxe4 Rxc3 38. Rxc3 Qxc3 39. Qxc3 Bxc3 40. Bxg6+ 1-0

[Event "CZE-chT2b 0506"]
[Site "Czech Republic"]
[Date "2006.03.26"]
[Round "10"]
[White "Volek, Radomir"]
[Black "Rodl, Martin"]
[Result "1/2-1/2"]
[WhiteElo "1985"]
[BlackElo "2110"]
[PlyCount "104"]
[EventDate "2005.10.16"]
[EventType "team"]
[EventRounds "11"]
[EventCountry "CZE"]
[SourceTitle "EXT 2009"]
[Source "ChessBase"]
[SourceDate "2008.11.26"]
[SourceVersion "1"]
[SourceVersionDate "2008.11.26"]
[SourceQuality "1"]

1. e4 c5 2. Nf3 d6 3. d4 cxd4 4. Nxd4 Nf6 5. Nc3 g6 6. Bc4 Bg7 7. 0-0 0-0 8. Re1 Nc6 9. Bb3 Ng4 10. Nxc6 bxc6 11. Qd3 a5 12. a4 Be5 13. g3 Bg7 14. Kg2 Ne5 15. Qe3 Qd7 16. f3 Qh3+ 17. Kh1 g5 18. Nd1 Qh5 19. Rf1 g4 20. fxg4 Bxg4 21. Nf2 Bf3+ 22. Kg1 Be2 23. h3 Bxf1 24. g4 Qh4 25. Kxf1 h5 26. Qg5 Qxg5 27. Bxg5 Bf6 28. Bh6 Bg7 29. Bg5 Nf3 30. Bxe7 Nd2+ 31. Ke2 Nxb3 32. cxb3 Rfe8 33. Bxd6 Bd4 34. gxh5 Bxf2 35. Kxf2 Rxe4 36. Rg1+ Kh7 37. Rg5 Rd4 38. Bc7 Rd5 39. Rxd5 cxd5 40. Ke3 Ra7 41. Bd8 d4+ 42. Kd3 Rb7 43. Bxa5 Rxb3+ 44. Kxd4 Rxb2 45. Bc3 Ra2 46. a5 Kh6 47. Kc4 f5 48. Kb3 Re2 49. a6 Kxh5 50. a7 Re8 51. Be1 Ra8 52. Bf2 Rxa7 1/2-1/2

[Event "CZE-chT2b 0506"]
[Site "Czech Republic"]
[Date "2006.02.12"]
[Round "7"]
[White "Rodl, Martin"]
[Black "Chrz, Pavel"]
[Result "1/2-1/2"]
[WhiteElo "2110"]
[BlackElo "2115"]
[PlyCount "98"]
[EventDate "2005.10.16"]
[EventType "team"]
[EventRounds "11"]
[EventCountry "CZE"]
[SourceTitle "EXT 2009"]
[Source "ChessBase"]
[SourceDate "2008.11.26"]
[SourceVersion "1"]
[SourceVersionDate "2008.11.26"]
[SourceQuality "1"]

1. e4 e5 2. Nf3 Nc6 3. Bb5 a6 4. Ba4 Nf6 5. 0-0 Be7 6. Re1 b5 7. Bb3 0-0 8. c3 d6 9. h3 Bb7 10. d4 exd4 11. cxd4 Na5 12. Bc2 c5 13. Nbd2 Re8 14. Nf1 Bf8 15. Ng3 g6 16. b3 Bg7 17. Bb2 Nd7 18. Rb1 Nc6 19. a3 Rc8 20. Qd2 Nxd4 21. Nxd4 Bxd4 22. Bxd4 cxd4 23. Rbc1 Qf6 24. Red1 Nc5 25. b4 Ne6 26. Bb3 Rxc1 27. Qxc1 Nf4 28. Qc7 Re7 29. Qd8+ Kg7 30. Rxd4 Ne6 31. Bxe6 Rxe6 32. Qxf6+ Kxf6 33. f3 Ke5 34. Ne2 g5 35. Kf2 d5 36. exd5 Rd6 37. Ke3 Rxd5 38. Rxd5+ Kxd5 39. Kd3 f5 40. f4 h6 41. g3 Kd6 42. Kd4 Bg2 43. fxg5 hxg5 44. h4 f4 45. Nc3 fxg3 46. hxg5 Bf3 47. Ke3 g2 48. Kf2 Ke5 49. a4 a5 1/2-1/2

[Event "CZE-chT2b 0506"]
[Site "Czech Republic"]
[Date "2005.11.06"]
[Round "2"]
[White "Rodl, Martin"]
[Black "Novy, Daniel"]
[Result "1-0"]
[WhiteElo "2110"]
[BlackElo "2075"]
[PlyCount "105"]
[EventDate "2005.10.16"]
[EventType "team"]
[EventRounds "11"]
[EventCountry "CZE"]
[SourceTitle "EXT 2009"]
[Source "ChessBase"]
[SourceDate "2008.11.26"]
[SourceVersion "1"]
[SourceVersionDate "2008.11.26"]
[SourceQuality "1"]

1. e4 c5 2. Nc3 Nc6 3. g3 g6 4. Bg2 Bg7 5. d3 e6 6. f4 Nge7 7. Nf3 d6 8. 0-0 0-0 9. Bd2 Rb8 10. g4 f5 11. gxf5 exf5 12. Rb1 b5 13. Nd5 b4 14. Re1 Nxd5 15. exd5 Nd4 16. Nxd4 Bxd4+ 17. Kh1 Qf6 18. b3 Rb6 19. Be3 Bc3 20. Bd2 Bd4 21. Be3 Rb7 22. Bxd4 Qxd4 23. Qf3 Qf6 24. Qf2 Re7 25. Rxe7 Qxe7 26. d4 Re8 27. dxc5 dxc5 28. Bf3 Qe3 29. Qxe3 Rxe3 30. Kg2 Kf8 31. Rd1 Rc3 32. Rd2 Ke7 33. Kf2 Kd6 34. h4 a5 35. h5 a4 36. hxg6 hxg6 37. Be2 axb3 38. axb3 Rh3 39. Kg2 Rh4 40. Kg3 Rh1 41. Bf3 Rh8 42. Rd1 Bb7 43. Re1 c4 44. bxc4 Kc5 45. Re7 Ba6 46. Rc7+ Kd4 47. c5 Kc3 48. Ra7 Bc4 49. Re7 Kd4 50. c6 Bxd5 51. Rd7 Kc3 52. Bxd5 Kxc2 53. Rb7 1-0

[Event "CZE-chT2b 0506"]
[Site "Czech Republic"]
[Date "2005.10.16"]
[Round "1"]
[White "Rodl, Martin"]
[Black "Jinova, Lucie"]
[Result "0-1"]
[WhiteElo "2110"]
[BlackElo "2080"]
[PlyCount "58"]
[EventDate "2005.10.16"]
[EventType "team"]
[EventRounds "11"]
[EventCountry "CZE"]
[SourceTitle "EXT 2009"]
[Source "ChessBase"]
[SourceDate "2008.11.26"]
[SourceVersion "1"]
[SourceVersionDate "2008.11.26"]
[SourceQuality "1"]

1. e4 e6 2. d4 d5 3. e5 c5 4. c3 Nc6 5. Nf3 Qb6 6. Bd3 cxd4 7. cxd4 Bd7 8. 0-0 Nxd4 9. Nxd4 Qxd4 10. Nc3 a6 11. Qf3 Ne7 12. Rd1 Qxe5 13. Bd2 Bc6 14. Re1 Qf6 15. Qg4 h5 16. Qg3 Nf5 17. Qh3 g6 18. Bf4 Rg8 19. Be5 Qg5 20. f3 Be7 21. g3 Bc5+ 22. Kh1 Qe7 23. a3 Kd7 24. b4 Bd4 25. Bxf5 Bxe5 26. Rxe5 gxf5 27. Qxh5 Rh8 28. Nxd5 Bxd5 29. Rxd5+ exd5 0-1

[Event "Most op"]
[Site "Most"]
[Date "2004.??.??"]
[Round "8"]
[White "Spirek, Adam"]
[Black "Rodl, Martin"]
[Result "1-0"]
[WhiteElo "2080"]
[BlackElo "1615"]
[PlyCount "71"]
[EventDate "2004.??.??"]
[EventType "swiss"]
[EventRounds "9"]
[EventCountry "CZE"]
[SourceTitle "EXT 2007"]
[Source "ChessBase"]
[SourceDate "2006.11.23"]
[SourceVersion "1"]
[SourceVersionDate "2006.11.23"]
[SourceQuality "1"]

1. e4 c5 2. Nf3 d6 3. d4 cxd4 4. Nxd4 Nf6 5. Nc3 g6 6. Be3 Bg7 7. f3 0-0 8. Qd2 Nc6 9. 0-0-0 d5 10. exd5 Nxd5 11. Nxc6 bxc6 12. Nxd5 cxd5 13. Qxd5 Qc7 14. Qc5 Qb7 15. Qa3 Bf5 16. Bd3 Rab8 17. b3 Qd5 18. Be4 Qe5 19. Bd4 Qf4+ 20. Kb1 Bxe4 21. fxe4 Qxe4 22. Bxg7 Kxg7 23. Rd2 Rfd8 24. Rhd1 Rxd2 25. Rxd2 Qe1+ 26. Qc1 Qxc1+ 27. Kxc1 Rb7 28. c4 f5 29. Kc2 Kf6 30. Kc3 e5 31. c5 Ke6 32. Kc4 Rd7 33. Re2 a6 34. c6 Rd1 35. Rxe5+ Kf6 36. Kb4 1-0

[Event "Most op"]
[Site "Most"]
[Date "2004.??.??"]
[Round "6"]
[White "Volek, Radomir"]
[Black "Rodl, Martin"]
[Result "1-0"]
[WhiteElo "1915"]
[BlackElo "1615"]
[PlyCount "35"]
[EventDate "2004.??.??"]
[EventType "swiss"]
[EventRounds "9"]
[EventCountry "CZE"]
[SourceTitle "EXT 2007"]
[Source "ChessBase"]
[SourceDate "2006.11.23"]
[SourceVersion "1"]
[SourceVersionDate "2006.11.23"]
[SourceQuality "1"]

1. e4 c5 2. Nf3 d6 3. d4 cxd4 4. Nxd4 Nf6 5. Nc3 g6 6. Bc4 Bg7 7. f3 0-0 8. Be3 Nc6 9. Qd2 Bd7 10. Bb3 Rc8 11. 0-0-0 Ne5 12. Qe2 Qa5 13. Kb1 Rxc3 14. Bd2 Rxc2 15. Bxa5 Rxe2 16. Nxe2 Nc6 17. Bc3 Bh6 18. Bxf6 1-0

[Event "CZE-ch U16"]
[Site "Volyne"]
[Date "2003.??.??"]
[Round "?"]
[White "Rozkovec, Jiri"]
[Black "Rodl, Martin"]
[Result "1-0"]
[WhiteElo "1829"]
[BlackElo "1558"]
[PlyCount "59"]
[EventDate "2003.??.??"]
[EventType "swiss"]
[EventRounds "9"]
[EventCountry "CZE"]
[SourceTitle "EXT 2005"]
[Source "ChessBase"]
[SourceDate "2004.11.15"]
[SourceVersion "1"]
[SourceVersionDate "2004.11.15"]
[SourceQuality "1"]

1. c4 e5 2. Nc3 g6 3. g3 Bg7 4. Bg2 Ne7 5. Nf3 0-0 6. d3 d6 7. 0-0 f5 8. Qc2 Nbc6 9. Rb1 f4 10. b4 Nf5 11. Nd5 g5 12. b5 Ncd4 13. Nxd4 Nxd4 14. Qd2 f3 15. exf3 Bh6 16. Qd1 c6 17. bxc6 bxc6 18. Nc3 Rf7 19. Ne4 d5 20. cxd5 cxd5 21. Nc3 Be6 22. Re1 Qc7 23. Nb5 Nxb5 24. Rxb5 Qd6 25. Qe2 Re8 26. Rb1 Rc7 27. Bb2 Bg7 28. Bxe5 Bxe5 29. Qxe5 Qxe5 30. Rxe5 1-0